[Event "Corus-B"]
[Site "Wijk aan Zee"]
[Date "2005.01.16"]
[Round "2"]
[White "Stellwagen, Daniel"]
[Black "Ernst, Sipke"]
[Result "1-0"]
[WhiteElo "2524"]
[BlackElo "2509"]
[Annotator "Aagaard,J"]
[PlyCount "67"]
[EventDate "2005.01.15"]
[EventType "tourn"]
[EventRounds "13"]
[EventCountry "NED"]
[EventCategory "13"]
[SourceTitle "CBM 105"]
[Source "ChessBase"]
[SourceDate "2005.04.11"]
[SourceVersion "1"]
[SourceVersionDate "2005.04.11"]
[SourceQuality "1"]

1. e4 e5 2. Nf3 Nc6 3. Bb5 a6 4. Ba4 Nf6 5. O-O Nxe4 6. d4 b5 7. Bb3 d5 8. dxe5
Be6 9. Nbd2 Nc5 10. c3 d4 11. Bxe6 Nxe6 12. cxd4 Ncxd4 13. a4 Bc5 14. Ne4 Bb6
15. Re1 $5 $146 (15. Nfg5 Qd5 16. Nxe6 Qxe6 17. axb5 $11 {Leko - Gyimesi,
Ulcinj 1997.}) 15... O-O 16. Nfg5 (16. Be3 $5) 16... h6 (16... Ba5 $1 $11) 17.
Nxe6 fxe6 18. a5 $5 Ba7 19. Ra3 (19. Qg4) 19... Qd5 20. Nf6+ $1 (20. Bxh6 gxh6
21. Qh5 Nf5 22. Qg6+ Kh8 23. Nf6 $11) 20... gxf6 21. Bxh6 Kf7 $4 (21... Nf5 22.
Qg4+ (22. Rg3+ Kh7 23. Qh5 Nxg3 24. hxg3 Rf7 $1 25. Qxf7+ Kxh6 26. Qxf6+ Kh7
$11) 22... Kf7 23. Bxf8 Rxf8 24. Rc3 c5 25. Qh5+ Ke7 26. Qh7+ Rf7 27. exf6+
Kxf6 $13) 22. Qh5+ Ke7 23. exf6+ $1 Kxf6 (23... Kd6 24. Bf4+ Kc6 25. Rc3+ Bc5
26. Re5 $18) (23... Kd7 24. Qxd5+ exd5 25. Re7+ Kc6 26. Rc3+ Bc5 27. Bxf8 Rxf8
28. b4 $18) 24. Re5 $4 (24. Bg7+ $3 Kxg7 25. Rg3+ Kf6 26. Rg6+ Kf7 27. Rg5+ $18
) 24... Qxe5 $4 (24... Qd6 $3 25. Rae3 (25. Bxf8 Rxf8 26. Qg5+ Kf7 27. Rae3 Ke8
$15) 25... Ke7 $3 26. Rd5 Ne2+ $3 27. Rxe2 Rxf2 $3 28. Rxd6 Rf5+ 29. Be3 Rxh5
$15) 25. Bg7+ $1 $18 Kxg7 26. Qxe5+ Kf7 27. Rh3 Nf5 28. g4 Rg8 29. Rh7+ Ng7 30.
h4 Kg6 31. Rxg7+ Rxg7 32. Qe4+ Kf7 33. Qxa8 Rxg4+ 34. Kf1 1-0

[Event "PCA-Wch Candidates sf2"]
[Site "Linares"]
[Date "1994.??.??"]
[Round "2"]
[White "Adams, Michael"]
[Black "Anand, Viswanathan"]
[Result "0-1"]
[WhiteElo "2640"]
[BlackElo "2720"]
[Annotator "Anand,V"]
[PlyCount "90"]
[EventDate "1994.09.??"]
[EventType "match"]
[EventRounds "7"]
[EventCountry "ESP"]
[SourceTitle "CBM 043"]
[Source "ChessBase"]
[SourceDate "1994.12.01"]
[SourceVersion "1"]
[SourceVersionDate "1994.12.01"]
[SourceQuality "1"]

1. e4 {Ftacnik} e5 2. Nf3 Nc6 3. Bb5 a6 4. Ba4 Nf6 5. O-O Nxe4 6. d4 b5 7. Bb3
d5 8. dxe5 Be6 9. Nbd2 Nc5 10. c3 d4 11. Bxe6 Nxe6 12. cxd4 Ncxd4 13. Nxd4 $6 (
13. a4 {Ftacnik} Be7 14. Nxd4 Nxd4 15. Ne4 Ne6 16. Be3 {Karpov,An-Kortschnoj,V/
Baguio Wch/1981/}) 13... Qxd4 14. Qe2 (14. Qf3 Rd8 15. Qc6+ Qd7 16. Qxa6 Qd5 $1
(16... Bb4 17. Nf3 Qd5 $44)) 14... Rd8 15. a4 Qd5 $1 (15... Qd3 16. Qxd3 Rxd3
17. axb5 axb5 18. Ne4) (15... c6 {Ftacnik} 16. axb5 axb5 17. Nf3 $36) 16. axb5
axb5 17. Qe4 (17. Ra5 $2 Bb4 18. Rxb5 Nd4 $1 $19) (17. f4 $13 {Ftacnik}) (17.
Nf3 {Ftacnik} Be7 18. Be3 O-O $10) 17... Bc5 (17... Be7 18. Qxd5 Rxd5 19. Ra8+
Rd8 20. Rxd8+ Kxd8 21. Ne4 {/\ Be3, f4}) 18. Qxd5 Rxd5 19. Ne4 Bd4 (19... O-O
20. Nxc5 Rxc5 21. f4 $10) 20. Nc3 Bxc3 (20... Rxe5 $2 {Ftacnik} 21. Ra8+ Nd8
22. Bf4 $1 (22. Rd1 Ke7 23. Bf4 Bxc3 24. bxc3 Rc5) 22... Rf5 (22... Bxc3 23.
Bxe5 Bxe5 24. Re1 f6 25. f4 $16) (22... Re7 23. Nxb5 Bb6 24. Rd1 Rd7 25. Nxc7+
Bxc7 26. Re1+ Re7 27. Rxe7+ Kxe7 28. Bxc7 $18) 23. Bxc7 Kd7 24. Bxd8 $18) 21.
Ra8+ Rd8 (21... Nd8 {Ftacnik} 22. bxc3 Rxe5 $2 23. Rd1 Ke7 24. f4 Re6 25. Ba3+
$18) 22. Rxd8+ Kxd8 23. bxc3 Ke7 (23... g5 $5 24. h4 h6 (24... g4 25. f3)) (
23... h5 {Ftacnik} 24. f4 g6 $15) 24. f4 f5 (24... g6 {Ftacnik} 25. g4 $10) 25.
exf6+ Kxf6 26. f5 Nc5 27. Be3 Ne4 28. Bd4+ Kf7 29. Be5 $6 (29. Ra1 $1 $10) (29.
Ra1 $1 {Ftacnik} Re8 30. Ra7 Re7 31. g4 g6 $10) 29... Re8 30. Bxc7 Nxc3 31. Ba5
(31. Bd6 {Ftacnik} Nd5 32. g4 b4 $5 33. Rd1 Ne3 34. Rb1 $10) 31... Nd5 32. Rb1
$2 (32. Rd1 Re5 33. Rb1 (33. g4 {Ftacnik} b4 $17) 33... Nf6 34. Rf1 $15) 32...
b4 $1 $17 33. Rd1 (33. Rxb4 Nxb4 34. Bxb4 Re5 35. h3 Rxf5 36. Bd6 $17) (33.
Bxb4 {Ftacnik} Rb8 $19) 33... Re5 34. g4 $2 (34. Rb1 Nc3 35. Ra1 Rb5) (34. Rd4
{Ftacnik} b3 35. Rd3 b2 36. Rb3 Re2 $19) 34... Ne3 35. Rd7+ (35. Re1 {Ftacnik}
Rxa5 36. Rxe3 Rb5 $19) 35... Ke8 36. Rd8+ $2 (36. Rd3) (36. Ra7 $6 Rb5) 36...
Ke7 37. Rd3 (37. Bc7 {Ftacnik} Rb5 38. Rd4 b3 39. Re4+ Kf6 40. Bd8+ Kf7 41.
Rxe3 b2 42. Re1 b1=Q 43. Rxb1 Rxb1+ 44. Kg2 $17) (37. Ra8 {Ftacnik} Rb5 38. Bc7
Nc4 $19) 37... Rxa5 38. Rxe3+ Kd6 39. Re6+ Kc5 (39... Kd5 $1 40. Rb6 (40. Re7
b3 $1) 40... Kc4 41. Rb7 b3 $19) 40. Re5+ (40. Re7 {Ftacnik} b3 $19) 40... Kb6
41. Re1 Rb5 42. Kf2 b3 43. Kf3 (43. Rb1 Ka5 {/\ Kb4-c3}) 43... b2 44. Rb1 Ka5
45. Ke4 Ka4 (45... Ka4 46. g5 Kb3 (46... g6 $1 {Ftacnik} 47. f6 Kb3 48. Rf1 Ka2
49. f7 Rf5 50. Rxf5 b1=Q+) 47. f6 g6 $19) 0-1

[Event "Cullera op 26th"]
[Site "Cullera"]
[Date "2005.07.24"]
[Round "4"]
[White "Arizmendi Martinez, Julen Luis"]
[Black "Garcia Roman, Daniel"]
[Result "1-0"]
[WhiteElo "2504"]
[BlackElo "2394"]
[Annotator "Arizmendi,J"]
[PlyCount "99"]
[EventDate "2005.07.21"]
[EventType "swiss"]
[EventRounds "9"]
[EventCountry "ESP"]
[SourceTitle "CBM 107 Extra"]
[Source "ChessBase"]
[SourceDate "2005.09.01"]
[SourceVersion "1"]
[SourceVersionDate "2005.09.01"]
[SourceQuality "1"]

1. e4 e5 2. Nf3 Nc6 3. Bb5 a6 4. Ba4 Nf6 5. O-O Nxe4 6. d4 exd4 {This leads to
a very nice ending for White: good chances to score the full point, almost no
chances to lose. Yet, it is a dangerous variation if White does not know his
theory.} 7. Re1 d5 8. Nxd4 Bd6 9. Nxc6 Bxh2+ 10. Kh1 $1 Qh4 11. Rxe4+ $1 dxe4
12. Qd8+ Qxd8 13. Nxd8+ Kxd8 14. Kxh2 Be6 {This position has come about almost
by force, and the assessment is clear: White is better. This is due to the
bishop-pair, especially his strong dark-squared bishop. Of course, if Black
could push his e-pawn one step back in order to keep control over some dark
squares, then everything would be different.  My opponent had already played
this ending twice against strong opposition, and won both games after white
overplayed his hand.} 15. Bf4 (15. c3 $5 {first might be better, preserving
the a4 bishop.}) (15. Nc3 $2 c5 {and b5-c4, trapping the bishop, is a nasty
trick one can easily fall into.} 16. a3 c4 $17) 15... c5 $6 (15... b5 16. Bb3
Bxb3 17. axb3 $14 {is a better option.}) 16. c3 {No second chance!} Ke7 17. Nd2
f5 18. f3 $1 $16 {This another problem with the e4-pawn is that White can
easily open up the game.} b5 19. Bc2 exf3 20. Nxf3 Rhe8 21. Re1 ({I think} 21.
Rd1 $1 {, planning Bd6, should be preferred.}) 21... Kf8 22. Bd6+ Kg8 23. Bxc5
Bxa2 24. Ne5 {In principle, White should keep the rooks on, but here,
considering how the games goes,} (24. Rxe8+ Rxe8 25. Bxf5 Bd5 26. b4 $14 {
is probably better.}) 24... g6 {This I saw too late. The a2 bishop is not
trapped after 25.b3 due to a5-a4.} (24... Be6 25. Nc6 $16) 25. Bd4 a5 $2 {
This weakens the queenside and allows the c2-bishop to become active again.} ({
After} 25... Bd5 26. Ra1 Re7 $1 {Black´s position is very solid. The problem
here is that the c2 bishop cannot participate actively in the fight.} (26...
Re6 27. Nd7 Re2 28. Nf6+ Kf7 29. Bd1 Rxg2+ 30. Kh3 $16)) 26. Ra1 Be6 27. Bd3 b4
28. Bb5 $1 $16 Rf8 (28... Reb8 $142 29. c4 $16) 29. Bc6 {The until now passive
bishop has taken up a very strong position on the queenside. Black will now
lose a pawn, which leads to a winning ending for White.} bxc3 30. Bxc3 Ra6 31.
Rxa5 Rxa5 32. Bxa5 Bb3 $1 {Black´s only hope is to keep the pawn blocked on b2.
Once it reaches b4 nothing will stop it.} 33. Kg3 Rb8 $6 34. Kf4 Rf8 35. Ke3 ({
Transferring the knight to d4 would have decided the game inmediately.} 35. Nf3
$1 Rc8 36. Nd4) 35... g5 36. Kd4 h5 37. Kc3 $6 {This is probably not best, but
good enough.} Be6 $2 (37... Rb8 38. Nf3 Be6 39. Nd4 Rc8 40. Kd3 Kf7 41. b4 $18)
38. b4 $18 f4 39. b5 g4 40. b6 Bc8 41. Kd4 f3 42. gxf3 g3 43. Ke3 h4 44. Ng6 $1
Rf6 45. Bd5+ Kg7 46. Nxh4 Rf8 47. b7 Re8+ 48. Kf4 Bxb7 49. Bxb7 Rb8 50. Be4 1-0

[Event "Mukachevo m"]
[Site "Mukachevo"]
[Date "2009.09.21"]
[Round "2"]
[White "Efimenko, Zahar"]
[Black "Short, Nigel D"]
[Result "0-1"]
[WhiteElo "2654"]
[BlackElo "2706"]
[Annotator "Bischoff,K"]
[PlyCount "104"]
[EventDate "2009.09.20"]
[EventType "match"]
[EventRounds "6"]
[EventCountry "UKR"]
[SourceTitle "CBM 133"]
[Source "ChessBase"]
[SourceDate "2009.11.19"]
[SourceVersion "1"]
[SourceVersionDate "2009.11.19"]
[SourceQuality "1"]

{In a short match you do normally not get too many chances to come back after
losing a game. So we can expect, that Nigel will try to get double egded
positions.} 1. e4 e5 2. Nf3 Nc6 3. Bb5 a6 4. Ba4 Nf6 5. O-O Nxe4 {This is
already a small surprise. But Nigel has a lot of experience with the Open Ruy,
of course. Still, in most of these games he was sitting on the other side of
the board.} 6. d4 b5 7. Bb3 d5 8. dxe5 Be6 9. Nbd2 Nc5 10. c3 g6 {# But this
is a real surprise! When I saw this move on my screen, I tried to find my old
books about the match Karpov-Korchnoi. And indeed 1978 in Baguio City Korchnoi
played g6 against Karpov in game 8. He lost quickly and g6 got a very bad
reputation. It was Miguel Najdorf, who even said that g6 was already the
decisive mistake. But there is certainly a lot of truth in Korchnoi's saying
that everything that is well forgotten is new in chess. By the way, when this
game was played Nigel was 13 years old. And Zahar had not been born yet.} 11.
Bc2 (11. Qe2 {was played by Karpov. After} Bg7 {Karpov played the risky but
energetic} 12. Nd4 $1 {Korchnoi took the pawn with} Nxe5 {but could not solve
the problems with his king after} 13. f4 Nc4 $6 14. f5 gxf5 15. Nxf5 Rg8 16.
Nxc4 dxc4 17. Bc2 Nd3 18. Bh6 {Nigel probably had an improvement ready. I can
only guess where, but my engines do not like the move Nc4 at all.}) 11... Bg7
12. Re1 O-O 13. Nb3 Nd7 {# This was played after a very long think. Nigel
keeps e5 under attack. His plan for the next moves is to get in c5 as quickly
as possible.} 14. Bg5 Qc8 15. Bf4 Ne7 16. Qd2 c5 17. Bh6 {White had a wide
choice; h3 was playable but a bit (too) careful. There is even something to be
said for h4 immediately.} Qc6 18. Qg5 Rfe8 19. Bxg7 Kxg7 20. h4 a5 (20... f6 $4
{is a terrible mistake.} 21. exf6+ Nxf6 22. Nbd4 $1 cxd4 23. Nxd4 {# This fork
is deadly.}) 21. a4 $5 {When I was in Zahar's age, I was taught not to touch
pawns on the side, where my opponent is attacking. But these young 2650
players do not care about "rules".} (21. h5 {was a more direct approach. After}
h6 {(Black cannot allow h6)} 22. Qg3 {White has strong pressure.}) 21... h6 22.
Qf4 Reb8 23. Nbd2 b4 24. c4 b3 $1 {#} 25. Bxb3 Rb4 26. cxd5 Nxd5 27. Bxd5 Bxd5
28. Qe3 Nf8 $1 {My engines are not impressed, but I like this move very much.
Nigel will play Ne6 next and has the board under control.} 29. b3 Ne6 30. Rac1
Qb7 31. Rc3 Rd8 32. Rd3 $6 {#} Bxf3 $1 {Now Black is winning his pawn back.}
33. Nxf3 ({Far too risky is} 33. Rxd8 {because Black has} Bxg2 {After} 34. Rd6
Rg4 35. f3 Bxf3+ 36. Kf2 Bd5 {White is in dire straits.}) 33... Rxd3 34. Qxd3
Rxb3 35. Qd1 Rb4 36. h5 g5 37. Qc2 Qc6 38. Ra1 Rg4 39. Qf5 Rf4 40. Qc2 Rg4 41.
Qf5 Rf4 42. Qc2 {#} Kg8 ({It looks tempting to sac the exchange with} 42...
Rxf3 {after} 43. gxf3 Nd4 $1 44. Qd1 Nxf3+ 45. Kg2 Nxe5+ 46. Kg3 Qf6 {Black
has two pawns for the exchange with an ongoing attack. But this is of course
easy to recommend with computer assistance.}) 43. Qd1 Rb4 44. g3 Qe4 45. Nd2
Qxe5 46. Rc1 Qd5 47. Qc2 g4 48. Re1 Qxh5 49. Qd3 Rd4 50. Qe3 Ng5 51. Qe8+ Kh7
52. Re2 Rxd2 {Black is okay!} 0-1

[Event "Mukachevo m"]
[Site "Mukachevo"]
[Date "2009.09.24"]
[Round "4"]
[White "Efimenko, Zahar"]
[Black "Short, Nigel D"]
[Result "1/2-1/2"]
[WhiteElo "2654"]
[BlackElo "2706"]
[Annotator "Bischoff,K"]
[PlyCount "98"]
[EventDate "2009.09.20"]
[EventType "match"]
[EventRounds "6"]
[EventCountry "UKR"]
[SourceTitle "CBM 133"]
[Source "ChessBase"]
[SourceDate "2009.11.19"]
[SourceVersion "1"]
[SourceVersionDate "2009.11.19"]
[SourceQuality "1"]

{Enjoy your free day, the arbiter may have said to the players after game
three. Nevertheless we can be almost sure that Nigel and Zahar spent their
free day in front of their laptops.} 1. e4 e5 2. Nf3 Nc6 3. Bb5 a6 4. Ba4 Nf6
5. O-O Nxe4 6. d4 b5 7. Bb3 d5 8. dxe5 Be6 9. Nbd2 Nc5 10. c3 Nxb3 {# Of
course he is not ready to repeat g6 against a better prepared opponent. Still,
I would not make a bet that Nigel thinks Nxb3 is the best move here. He may
intend to show the best move in game 6; classical match strategy.} 11. Nxb3 Be7
12. Nfd4 Nxd4 13. cxd4 a5 14. Qc2 {So Black has weaknesses in the c-file.But
he will get a strong grip on the white squares to compensate this.} Qd7 15. Be3
Bf5 16. Qc1 {# Zahar intends Bg5, which is a strong positional threat.
Exchanging the bishops would be positional suicide and f6 is (still) highly
undesirable.} h6 $1 17. Nc5 Qc6 18. Qd1 Qg6 (18... Bxc5 $6 19. Rc1 $1 Qg6 20.
Rxc5 c6 {is not the end of the world for Black, but a guarantee he will suffer.
}) 19. Rc1 O-O 20. Bf4 h5 {Black starts with useful pawn moves. It is not at
all easy to decide where to put the rooks.} 21. f3 a4 22. Kh1 Rfe8 23. Qd2 c6 {
# Nigel seems to think that Nb7-d6 is not a problem. He could have prevented
this with Ra7 and only then c6.} 24. Nb7 Bd7 25. Rfe1 Bf8 26. Nd6 {He is going
for a very small but safe advantage.} (26. h3 {is a possible improvement. Even
a well timed g4 may be an idea later.}) 26... Re6 {Preparing mass exchanges
down the e-file.} 27. h3 Bxd6 28. exd6 Rae8 29. Re5 f6 30. Rxe6 Rxe6 31. Re1 {#
} Qe8 {He is keeping his queen close to the main enemy, the d-pawn.} (31...
Rxe1+ 32. Qxe1 Qc2 {is playable according to my engines. After} 33. Qe7 Qd1+
34. Kh2 Qxd4 35. Qxd7 Qxf4+ {it's a draw.}) 32. Rxe6 Qxe6 33. h4 Kf7 34. Kh2
Qf5 35. Bg3 Qe6 36. Qa5 Qe8 37. Qc7 Ke6 38. a3 Kf7 39. Bf4 Qe6 40. Bd2 Ke8 41.
Ba5 Kf7 42. Bd2 Ke8 43. Kg3 Kf7 44. Kf2 Kg6 45. Bf4 Kf7 {#So he can only sit
and wait.The only plan for White could be Qd8 and hyperspace the king to c7.
But how can Zahar cross the e-file? After Be3 Black has Qf5.} 46. Be3 Qf5 47.
Qd8 Qe6 48. Bf4 Qe8 49. Qxe8+ Kxe8 {0.00 according to my engines. I do not
doubt it.} 1/2-1/2

[Event "Dos Hermanas"]
[Site "Dos Hermanas"]
[Date "1996.05.29"]
[Round "7"]
[White "Topalov, Veselin"]
[Black "Anand, Viswanathan"]
[Result "1/2-1/2"]
[WhiteElo "2700"]
[BlackElo "2725"]
[Annotator "Bologan,V"]
[PlyCount "59"]
[EventDate "1996.05.21"]
[EventType "tourn"]
[EventRounds "9"]
[EventCountry "ESP"]
[EventCategory "19"]
[SourceTitle "CBM 053"]
[Source "ChessBase"]
[SourceDate "1996.08.01"]
[SourceVersion "1"]
[SourceVersionDate "1996.08.01"]
[SourceQuality "1"]

1. e4 {Wedberg} e5 2. Nf3 Nc6 3. Bb5 a6 4. Ba4 Nf6 5. O-O Nxe4 6. d4 b5 7. Bb3
d5 8. dxe5 Be6 9. Nbd2 Nc5 10. c3 d4 11. Bxe6 Nxe6 12. cxd4 Ncxd4 13. a4 {
The open Variation of the Ruy Lopez was the main oppening for Anand in his
match against Kasparov therefore it was supposed that he has to be well
prepared in this line. It's incredible but after six moves he was already
queen down.} Bc5 14. Ne4 O-O $2 {Wedberg: !?N Just a blunder it was better not
to look at Vishi's face when he saw the consequense of this move. I guess he
rejected the normal 14...Bb6 because of next game.} (14... Bb6 15. Nfg5 $1 {N}
Nxg5 16. Bxg5 Qd7 17. axb5 $6 (17. Re1 $140 $1 O-O 18. Ra3 $1 $40 {Rodriguez,Am
}) 17... Qxb5 18. Nc3 Qd7 $1 19. Qa4 Qxa4 20. Nxa4 h6 $1 21. Nxb6 cxb6 22. Bd2
{1/2-1/2 Rodriguez,Am-Korneev,O/Barbera del Valles 1994.}) 15. Nxc5 Nxf3+ 16.
Qxf3 Nxc5 17. axb5 axb5 18. Bg5 $1 Rxa1 {Wedberg: The point of Anands novelty
is to give away the queen and build a drawing endgame fortress.} 19. Bxd8 Rxf1+
20. Kxf1 Rxd8 21. g3 $14 {It is not so easy to improve White's position as it
looks from the first sight.} (21. Qc6 Ne6 22. Qxb5 $4 Rd1+ 23. Ke2 Nd4+ $19)
21... Ne6 22. Qb7 g6 23. Qxb5 c5 24. h4 {Wedberg: After this move the draw is
a mathematical certainty. The only hope was to press through g4 and f5 to
drive the gigantic knight away, but it looks very difficult - especially if
Black posts his R on d4.} h5 25. b4 $6 {After this exchange White has no one
chance to win the game. Better was to keep the 'b' pawn and to try to
speculate with both ideas 'f4-f5' and penetration to the White's king on the
queenside.} cxb4 26. Qxb4 Kg7 27. Kg2 Kg8 28. Qc3 Ra8 29. Qf3 Rb8 30. Qe3
1/2-1/2

[Event "World U20-ch22"]
[Site "Belfort"]
[Date "1983.08.18"]
[Round "6"]
[White "Trindade, Sandro Heleno"]
[Black "Grivas, Efstratios"]
[Result "1-0"]
[WhiteElo "2320"]
[BlackElo "2365"]
[Annotator "Bulletin/Primel,D"]
[PlyCount "57"]
[EventDate "1983.08.12"]
[EventType "swiss"]
[EventRounds "13"]
[EventCountry "FRA"]
[SourceTitle "EXT 2004"]
[Source "ChessBase"]
[SourceDate "2003.11.25"]
[SourceVersion "1"]
[SourceVersionDate "2003.11.25"]
[SourceQuality "1"]
[TimeControl "40/9000:16/5400:0"]

1. e4 e5 2. Nf3 Nc6 3. Bb5 a6 4. Ba4 Nf6 5. O-O Nxe4 6. d4 b5 7. Bb3 d5 8. c4
$6 {très peu joué} (8. dxe5) 8... dxc4 (8... Bg4 $142 {Euwe}) 9. Qe2 Nf6 10.
dxe5 Nd5 11. Bc2 {[%cal Gc2h7]} Bc5 (11... Ncb4 12. Be4 Bc5 13. a3 Nd3 14. Bxd3
cxd3 15. Qxd3 Be7 $44 {[%csl Gc8,Ge7]}) (11... Be6) 12. Rd1 Nce7 {[%cal Ge7d5]
Le jeu est relativement ouvert et rejouer une pièce développée ne parait pas
très sain.} (12... Ncb4 $142 $5 {[%cal Gb4c2]} 13. Be4 c6 14. a3 Nd3 15. Bxd3
cxd3 16. Qxd3 (16. Rxd3 Bf5 $44) 16... Bg4 (16... Qb6 {Dégager la Qd8 non
protégée est aussi une option saine}) 17. Nbd2 O-O $44 18. Ne4 Be7 19. Neg5
g6) 13. Nc3 Be6 14. a4 {[%csl Rb3]} Qc8 15. Nxd5 (15. Ne4 Bb6 16. Neg5 Bg4 17.
h3 $14) 15... Bxd5 16. Ng5 Bb6 $2 {Perd une pièce sans compensation} (16... Qb7
) (16... h6 $142 17. Ne4 Bb6 18. a5 Ba7 $11) 17. Rxd5 $1 Nxd5 18. Qf3 {[%cal
Gf3d5,Gf3f7]} Qd7 19. Bf5 Qc6 20. axb5 $40 Qxb5 21. Nxf7 (21. Be4 $142 {
[%cal Ge4d5,Gf3f7]}) 21... Rf8 22. e6 g6 $2 23. Bc2 (23. Be4 $18) 23... Qc5 24.
Bg5 c6 25. Rd1 Ra7 $2 26. Rxd5 $1 Qxf2+ (26... cxd5 27. Ba4+) 27. Qxf2 Bxf2+
28. Kh1 Bb6 29. Nd6# 1-0

[Event "San Francisco"]
[Site "San Francisco"]
[Date "1995.??.??"]
[Round "2"]
[White "Huebner, Robert"]
[Black "Polgar, Sofia"]
[Result "1/2-1/2"]
[WhiteElo "2620"]
[BlackElo "2500"]
[Annotator "ChessBase"]
[PlyCount "119"]
[EventDate "1995.??.??"]
[EventType "game"]
[EventCountry "ARG"]
[SourceTitle "CBM 046"]
[Source "ChessBase"]
[SourceDate "1995.06.01"]
[SourceVersion "1"]
[SourceVersionDate "1995.06.01"]
[SourceQuality "1"]

1. e4 e5 2. Nf3 Nc6 3. Bb5 a6 4. Ba4 Nf6 5. O-O Nxe4 6. d4 b5 7. Bb3 d5 8. dxe5
Be6 9. Nbd2 Nc5 10. c3 d4 11. Bxe6 Nxe6 12. cxd4 Ncxd4 13. a4 b4 14. Nxd4 Nxd4
15. Nb3 c5 16. Nxd4 cxd4 17. Qf3 Ra7 18. Rd1 Be7 19. Qg4 g6 20. Bh6 Rd7 21. e6
(21. Rac1 $1) 21... Rd6 22. Bg7 Rg8 23. exf7+ Kxf7 24. Bxd4 Qd7 25. Qf3+ Qf5
26. Qxf5+ gxf5 27. Be3 Rgd8 28. Rxd6 Bxd6 29. f4 Rc8 30. Rd1 Ke6 31. Rd2 Rc4
32. g3 h5 33. Kf1 h4 34. Ke2 hxg3 35. hxg3 b3 36. Kd3 Rxa4 37. Rh2 Be7 38. Bd4
Kd5 39. Bh8 Ra1 40. Rh5 Ke6 41. Kc4 a5 42. Rh6+ Kf7 43. Kxb3 a4+ 44. Kc4 a3 45.
bxa3 Rxa3 46. Bc3 Ra4+ 47. Kd5 Ra3 48. Rh7+ Kf8 49. Kc4 Ra4+ 50. Kb3 Ra3+ 51.
Kb2 Ra6 52. Rh5 Rg6 53. Rxf5+ Ke8 54. Re5 Rxg3 55. Bb4 Rg7 56. Kc3 Kd7 57. Bxe7
Rxe7 58. Kd4 Rxe5 59. Kxe5 Ke7 60. Kf5 1/2-1/2